000 00814nmm a2200241 a 4500
003 AR-BaBNM
005 20251128204002.0
008 177119s1980 ||||||||||||||000 | spa||
040 _cAR-BaBNM
245 1 0 _aCentenario de la campaña al desierto
_bhomenaje de la Universidad de Cuyo- Mendoza 23 de agosto - 18 de octubre de 1979
260 _aMendoza
_bUniversidad Nacional de Cuyo
_c1980
300 0 _a188 p.
504 _aCada uno de los trabajos cuenta con bibliografía para consultar
600 1 4 _aRoca, Julio Argentino
_d1843-1914
600 1 4 _aOlascoaga, Manuel José
_d1835-1911
650 4 _aHISTORIA MILITAR
650 4 _aCAMPANA DEL DESIERTO
650 4 _aABORIGENES ARGENTINOS
650 4 _aPRISIONEROS
700 1 _aMartínez, Pedro Santos
_eprologuista
942 _cBK
998 _cmariana
999 _c5716
_d5716